MDQL
is popping MORE tags! Check the
thread
!
Quizzes
Events
Quiz Creation
Community
Videos
Private Events
Remove Ads
Sign In
Join for FREE
Feedback
Dark Mode
Quiz Categories
Sports
Geography
Music
Movies
Television
Just For Fun
Miscellaneous
History
Literature
Language
Science
Gaming
Entertainment
Religion
Holiday
For Kids
Quiz Lab
Recent
Popular Today
Quiz Kudos Today
Editor Picks
Curator Picks
Quizzes by...
Day
Popularity
Type
Ratings
Length
Year
Community
Subscriptions
Recent Discussions
Orange Saloon
Badges
Playlists
Quests
Create
Leaderboards
Showdown
Live 5
Trivia Bingo
Activity
Puzzle Library
Sporcle Events
Private Events
Virtual Trivia
Globe League
Become a Host
Pub Owners
SporcleCon
Opinionation
Our Games
Videos
Blog
Mobile Apps
Partnerships
Remove Ads and Go Orange
Feedback
Sports
Athletes
MLB
NBA
NHL
NFL
Soccer
Sports Teams
WWE
NCAA
Football
Premier League
Basketball
Baseball
Hockey
Golf
Tennis
Cricket
Rugby
Auto Racing
Olympics
World Cup
Sports
Athletes
MLB
NBA
NHL
NFL
Soccer
Sports Teams
WWE
NCAA
Football
Premier League
Basketball
Baseball
Hockey
Golf
Tennis
Cricket
Rugby
Auto Racing
Olympics
World Cup
Random Quiz
Search Sporcle
×
Quiz Lab
Quiz Lab
Sports
Baseball
Type in answers that appear in a list
Type in answers that appear in a list
Classic
Best Score? Go Orange.
Name all the Yankees to have a 20-homer season! Stats
Can you name every Yankee to hit at least 20 homers in one year?
By
PinstripeAlley
10m
75 Questions
3,809 Plays
3,809 Plays
3,809 Plays
Comments
Comments
Give Quiz Kudos
Give Quiz Kudos
-
- Ratings
hide this ad
More Info
Replay
Link that replays current quiz
Next Quiz
Link to next quiz in quiz playlist
You Got
0%
They Got
Avg Score
55%
Avg Friend Score
Upgrade to see
Score Distribution
Jump to the score distribution portion of the page
Score
0/75
Timer
10:00
0
Plays Today
Position
Player
% Correct
OF
Babe Ruth
99.4%
CF
Mickey Mantle
97.9%
3B/
DH
Alex Rodriguez
96.6%
1B
Lou Gehrig
96.2%
C
Yogi Berra
96%
C
Jorge Posada
95.7%
CF
Joe DiMaggio
94.7%
SS
Derek Jeter
94.4%
CF
Bernie Williams
94.3%
RF
Aaron Judge
93.1%
2B
Robinson Cano
91.4%
1B
Mark Teixeira
91.3%
1B
Don Mattingly
89.4%
RF
Roger Maris
87.1%
RF/
DH
Reggie Jackson
86.6%
1B/
DH
Jason Giambi
86.5%
RF
Paul O'Neill
86.1%
C
Russell Martin
85.9%
1B
Tino Martinez
85.5%
DH/
OF
Giancarlo Stanton
83.7%
3B
Graig Nettles
82.6%
C
Gary Sanchez
80.2%
OF
Dave Winfield
78.9%
LF/
CF
Brett Gardner
77.5%
2B/
SS
Gleyber Torres
77.3%
C
Thurman Munson
77%
C
Brian McCann
74.9%
LF/
DH
Hideki Matsui
72.7%
2B
Alfonso Soriano
72.5%
SS
Didi Gregorius
72.5%
CF
Curtis Granderson
71.9%
1B
Luke Voit
71%
C
Elston Howard
70.6%
C
Bill Dickey
69.1%
RF
Gary Sheffield
67%
1B
Luke Voit
67%
2B
DJ LeMahieu
65.7%
CF
Rickey Henderson
64.4%
Position
Player
% Correct
CF
Bobby Murcer
61.8%
RF
Nick Swisher
61.2%
OF
Johnny Damon
60.6%
CF
Aaron Hicks
60.4%
3B
Miguel Andujar
57%
3B
Gio Urshela
54.2%
DH/
LF
Darryl Strawberry
53.9%
RF/
DH
Carlos Beltran
53.8%
LF
Roy White
53.5%
2B
Starlin Castro
53.4%
2B
Joe Gordon
51.5%
1B
Bill Skowron
51.1%
1B
Joe Pepitone
49.6%
DH/
RF
Danny Tartabull
48.8%
C
Mike Stanley
46%
DH
Don Baylor
44.5%
RF
Bobby Abreu
44.5%
DH/
OF
David Justice
42.6%
C
Matt Nokes
41.4%
RF
Bob Meusel
41.3%
1B
Johnny Mize
41.1%
3B
Mike Pagliarulo
40.9%
RF
Hank Bauer
39.7%
SS/
OF
Tom Tresh
39.6%
3B
Robin Ventura
38.5%
RF
Bobby Bonds
38.2%
DH/
1B
Kevin Maas
37.3%
LF
Charlie Keller
36.9%
CF
Roberto Kelly
36.5%
RF
Jesse Barfield
36.3%
RF
Tommy Henrich
35.5%
DH/
RF
Jack Clark
33.3%
DH/
1B
Jim Spencer
32.8%
SS
Roy Smalley
28.3%
C
Johnny Blanchard
25%
1B
Nick Etten
17.1%
OF
George Selkirk
16.9%
Quiz Playlist
Details
Report
Send in Message
Add To Playlist
More Info:
Can you name all 75 Yankees to hit at least 20 homers in one year?
Classic:
Type in answers that appear in a list
Quiz Source
Last Updated: Oct 21, 2019
Quiz Scoreboard
CHALLENGE
Sign Up to Join the Scoreboard
Show All
Scores
Hide
Comments
May contain spoilers
Recently Published
Two Season TV Shows II
by 123Four
Television
10m
Image Sorting: Flags VI
by Barbecue
Geography
2m
Find the 'City' Movie
by crazypaving
Movies
60s
More to Explore
Quiz From the Vault
Featured Blog Post
14 Easter Pick-up Lines to Find Eggs With
hide this ad
You Might Also Like...
Tags
Baseball Quiz
MLB Quiz
Home Runs
New York Yankees
Today's Top Quizzes in Sports
Browse Sports
hide this ad
Today's Top Quizzes in Baseball
Browse Baseball
Top Contributed Quizzes in Sports
1
Les meilleurs buteurs des matchs entre le PSG et l’OM
2
Les entraîneurs de l'OM et du PSG au 21e siècle
3
2022 World Cup Stars
4
Les joueurs passés par le PSG et l'OM
5
Players with Multiple 50 Home Run Seasons
6
FIFA Club World Cup Champions
7
Criteria MLB: Left Handed Sluggers
8
Les joueurs passés par le LOSC et le RC Lens
9
Top 10 NHL Goal Scorers of All Time
10
NBA Logic Puzzle 2.0
Explore More
Trending Topics
NBA
Harry Potter
Crossword
Anime
Disney
Kpop
Marvel
Soccer
Song
The Office
NFL
WWE
Puzzle
Pokémon
Country
hide this ad
More By:
PinstripeAlley
Quiz
Plays
Rating
Category
Featured
Created
Name the entire 2019 Yankees roster
6,219
5.00
Sports
Oct 21, 2019
Name the entire 2017 Yankees roster
5,618
5.00
Sports
Oct 3, 2017
Derek Jeter's World Series teammates
5,278
4.62
Sports
Oct 30, 2014
Name the entire 2013 Yankees roster
4,843
4.14
Sports
Sep 29, 2013
Yankees with the most homers from 1992-2016
3,847
4.55
Sports
Feb 2, 2017
Go to Creator's Profile
Score Distribution
Quiz Creator Spotlight
PinstripeAlley
Follow
Send a Message
Quizzes Created
-
Created Quiz Play Count
-
More By This Creator
Popular Quizzes Today
1
Find the US States - No Outlines Minefield
2
Colored Red Africa Blitz
3
Find the 'City' Movie
4
5x2 Blitz: Bands
5
The Countries of the World
6
Find the Countries of Europe - No Outlines Minefield
7
Find the US States
8
US States
More Sports Quizzes
Montreal Canadiens 30-Goal Scorers
Quiz Lab
Trending Quizzes
Colored Red Europe Blitz I
Colored Red Africa Blitz II
Colored Red Europe Blitz II
Colored Red Africa Blitz III
Even More Two Season TV Shows
Recently Updated
March Madness Men's Triple Doubles
pecheneg
How Do You Spell That?
pecheneg
Godzilla Movies
pecheneg
Grab Bag: 4-10 Letters
pecheneg
2024 March Madness Bracket
pecheneg
Famous TV Couples
Peacemaker
Champions League XIs: Real Madrid
pecheneg
Largest US Cities 1790-2010
pecheneg
Rides in Walt Disney World
pecheneg
Most Oscar Losses (Acting)
pecheneg
Trending Topics
Marvel
Harry Potter
Kpop
NBA
Disney
Crossword
Anime
NFL
Puzzle
Country
Soccer
Pokémon
The Office
WWE
Song
Your Account Isn't Verified!
In order to create a playlist on Sporcle, you need to verify the email address you used during registration. Go to your
Sporcle Settings
to finish the process.
Report this User
Report this user for behavior that violates our
Community Guidelines
.
Details:
Send Report
Go to the Sporcle.com Mobile Site →
Comments